| 000 | 00547nam a2200169Ia 4500 | ||
|---|---|---|---|
| 003 | LDD | ||
| 008 | 190117s9999 xx 000 0 und d | ||
| 020 | _c₹20 | ||
| 040 | _cLDD | ||
| 041 | _ahi | ||
| 082 | _a8H8.703 दि 4921 सं. | ||
| 100 | _aदिनकर, रामधारी सिंह | ||
| 245 | 0 |
_aसंस्मरण और श्रद्धांजलियां _cरामधारी सिंह दिनकर |
|
| 260 |
_aपटना _bउदयाचल _c1969 |
||
| 300 | _a179प्र. | ||
| 942 |
_2ddc _cH |
||
| 999 |
_c161113 _d161113 |
||